=LDR 00000nam 2200000 4500 =001 INLIS000000000026886 =005 20130612125314 =008 ***********************************Ind** =035 ##$$0010-061300000026886 =041 ##$$a Ind =082 ##$$a F Rom D =090 ##$$a F Rom D, Mir d =100 ##$$a Mira W =245 ##$$a Disini cinta pertama kali bersemi, oleh Mira W =260 ##$$a Pustaka Utama $b Jakarta =300 ##$$a 216 hlm, 18 cm =650 ##$$a Fiksi Dewasa =850 ##$$a NBPNMAT